| 000 | 00397nam a2200145Ia 4500 | ||
|---|---|---|---|
| 008 | 211109s9999||||xx |||||||||||||| ||und|| | ||
| 082 |
_a894.81207 _bKUT-E |
||
| 100 | _aKuttikrishna Marar, | ||
| 245 | 0 | _aEnguninnum Angolam | |
| 260 |
_bNational Book Stall _aKottayam _c1972 |
||
| 300 | _a20p. | ||
| 630 | _xGeneral Stack | ||
| 650 |
_aLITERATURE _vMALAYALAM LITERATURE _xGeneralia |
||
| 942 | _cBOOK | ||
| 999 |
_c37388 _d37388 |
||